MDQL
is popping MORE tags! Check the
thread
!
Quizzes
Events
Quiz Creation
Community
Videos
Private Events
Remove Ads
Sign In
Join for FREE
Feedback
Dark Mode
Quiz Categories
Sports
Geography
Music
Movies
Television
Just For Fun
Miscellaneous
History
Literature
Language
Science
Gaming
Entertainment
Religion
Holiday
For Kids
Quiz Lab
Recent
Popular Today
Quiz Kudos Today
Editor Picks
Curator Picks
Quizzes by...
Day
Popularity
Type
Ratings
Length
Year
Community
Subscriptions
Recent Discussions
Orange Saloon
Badges
Playlists
Quests
Create
Leaderboards
Showdown
Live 5
Trivia Bingo
Activity
Puzzle Library
Sporcle Events
Private Events
Virtual Trivia
Globe League
Become a Host
Pub Owners
SporcleCon
Opinionation
Our Games
Videos
Blog
Mobile Apps
Partnerships
Remove Ads and Go Orange
Feedback
Religion
Mythology
Religious Music
World Religions
Bible
Christianity
Catholicism
Judaism
Church
Scripture
Islam
Verse
Religion
Mythology
Religious Music
World Religions
Bible
Christianity
Catholicism
Judaism
Church
Scripture
Islam
Verse
Random Quiz
Search Sporcle
×
Quiz Lab
Quiz Lab
Religion
Bible
Type in answers that appear in a list
Type in answers that appear in a list
Classic
Best Score? Go Orange.
Luther's Small Catechism - Lord's Prayer Conclusion Stats
Can you remember the conclusion to the Lord's Prayer and its meaning from Luther's Small Catechism?
By
c3pojones
6m
63 Questions
13 Plays
13 Plays
13 Plays
Comments
Comments
Give Quiz Kudos
Give Quiz Kudos
-
- Ratings
hide this ad
Replay
Link that replays current quiz
Next Quiz
Link to next quiz in quiz playlist
You Got
0%
They Got
Avg Score
52%
Avg Friend Score
Upgrade to see
Score Distribution
Jump to the score distribution portion of the page
Score
0/63
Timer
06:00
0
Plays Today
Hint
Answer
% Correct
The Conclusion of the Lord's Prayer
For
84.6%
Thine
84.6%
for
84.6%
the
76.9%
the
76.9%
the
76.9%
Amen.
76.9%
I
76.9%
Amen,
76.9%
amen
76.9%
is
69.2%
kingdom
69.2%
and
69.2%
power
69.2%
and
69.2%
glory
69.2%
forever
69.2%
and
69.2%
ever.
69.2%
and
69.2%
and
69.2%
to
61.5%
to
61.5%
to
61.5%
He
53.8%
that
46.2%
that
46.2%
our
46.2%
in
46.2%
us
46.2%
pray
46.2%
in
46.2%
Hint
Answer
% Correct
us.
46.2%
it
46.2%
so.'
46.2%
What does this mean?
This
38.5%
means
38.5%
should
38.5%
be
38.5%
certain
38.5%
these
38.5%
petitions
38.5%
are
38.5%
pleasing
38.5%
Father
38.5%
heaven,
38.5%
are
38.5%
heard
38.5%
by
38.5%
Him;
38.5%
Himself
38.5%
has
38.5%
commanded
38.5%
this
38.5%
way
38.5%
has
38.5%
promised
38.5%
hear
38.5%
means
38.5%
'yes,
38.5%
yes,
38.5%
shall
38.5%
be
38.5%
Quiz Playlist
Details
Report
Send in Message
Add To Playlist
Classic:
Type in answers that appear in a list
Last Updated: Feb 16, 2017
Quiz Scoreboard
CHALLENGE
Sign Up to Join the Scoreboard
Show All
Scores
Hide
Comments
May contain spoilers
Recently Published
Colored Red Africa Blitz
by spor1
Geography
30s
Find the 'City' Movie
by crazypaving
Movies
60s
5x2 Blitz: Bands
by SL_Kpop136
Music
30s
More to Explore
Quiz From the Vault
Featured Blog Post
14 Easter Pick-up Lines to Find Eggs With
hide this ad
You Might Also Like...
Tags
Bible Quiz
Jesus
Prayer
Today's Top Quizzes in Religion
Browse Religion
hide this ad
Today's Top Quizzes in Bible
Browse Bible
Top Contributed Quizzes in Religion
1
Christmas Pick: Judaism
2
Christmas Pick: Islam
3
Christmas Pick: World Religions
4
Religions Spelling Bee
5
Artistic Maundy Thursday
6
After Easter on Stained-glass Windows
7
99 names of Allah
8
5-to-1: Children of Gods
9
Longevity in the Bible
10
Are they in the Bible?
Explore More
Trending Topics
Crossword
Harry Potter
Kpop
NBA
Disney
Anime
Marvel
Country
The Office
Song
NFL
WWE
Soccer
Puzzle
Pokémon
hide this ad
More By:
c3pojones
Quiz
Plays
Rating
Category
Featured
Created
Books of the Bible (Redux)
190,044
3.86
Religion
May 11, 2012
Shakespeare or Game of Thrones Character
3,621
3.68
Literature
May 12, 2012
Basic Math 1-100 (Clickable Mines)
2,752
3.40
Just For Fun
Sep 1, 2012
MLB Batting Stat Leaders (clickable)
974
3.60
Sports
May 10, 2012
Who Would Have Tweeted It? - Bible Style
942
4.50
Religion
Apr 1, 2011
Go to Creator's Profile
Score Distribution
Quiz Creator Spotlight
c3pojones
Follow
Send a Message
Quizzes Created
-
Created Quiz Play Count
-
More By This Creator
Popular Quizzes Today
1
Colored Red Africa Blitz
2
Find the US States - No Outlines Minefield
3
Find the 'City' Movie
4
5x2 Blitz: Bands
5
The Countries of the World
6
Find the US States
7
Find the Countries of Europe - No Outlines Minefield
8
US States
More Religion Quizzes
Profile: Martin Luther
Published
Trending Quizzes
Colored Red Europe Blitz I
Colored Red Europe Blitz II
Colored Red Africa Blitz II
Colored Red Europe Blitz III
Colored Red Africa Blitz III
Recently Updated
How Do You Spell That?
pecheneg
Godzilla Movies
pecheneg
Grab Bag: 4-10 Letters
pecheneg
2024 March Madness Bracket
pecheneg
Famous TV Couples
Peacemaker
Champions League XIs: Real Madrid
pecheneg
Largest US Cities 1790-2010
pecheneg
Rides in Walt Disney World
pecheneg
Most Oscar Losses (Acting)
pecheneg
Beyoncé Albums
pecheneg
Trending Topics
Disney
Kpop
Harry Potter
Marvel
Anime
NBA
Crossword
Soccer
Pokémon
Puzzle
NFL
WWE
Country
The Office
Song
Your Account Isn't Verified!
In order to create a playlist on Sporcle, you need to verify the email address you used during registration. Go to your
Sporcle Settings
to finish the process.
Report this User
Report this user for behavior that violates our
Community Guidelines
.
Details:
Send Report
Go to the Sporcle.com Mobile Site →
Comments